000 01277nam a2200373Ia 4500
001 Para_9108
003 CHAP
008 220125s2004 xx 000 0 und d
010 _a207861
040 _cCHAP
082 _aPA 576.64 P4
100 _aPérez Moreno, Luis
_989871
245 _aVirus fitopatógenos en cultivos hortícolas de importancia económica en el estado de Guanajuato /
_c por Luis Pérez Moreno y Esteban Rico Jaramillo
260 _aGuanajuato, Gto. :
_b Universidad de Guanajuato
300 _a143 p.
650 _aAjo
_x enfermedades
_93184
650 _aChile (botánica)
_x enfermedades
_922353
650 _aCucurbitáceas
_x enfermedades
_930000
650 _aEspárrago
_x enfermedades
_9174339
650 _aFresa
_x enfermedades
_943202
650 _aFrijol
_x enfermedades
_943367
650 7 _aPapas
_xEnfermedades
_2
_985227
650 _aTomate
_x enfermedades
_9113711
650 _aVirus fitopatógenos
_x investigación
_9174340
700 _aRico Jaramillo, Esteban
_997328
710 _aUniversidad de Guanajuato
_9116431
901 _aPA 576.64 P4
902 _aA
905 _a0000002004 d 0000000000spa00
910 _a2004
942 _cPARA
942 _cPARA
_d1
999 _c207861
_d207861